000 00861nam a22002177a 4500
003 OSt
005 20241130133513.0
008 241130b |||||||| |||| 00| 0 eng d
020 _a0406851522
040 _cCentral University Library
245 _aThe All England Law Reports 1984 Vol. 3
_cEditors: Peter Hutchesson; Brook Watson; Wendy Shockett
260 _aLondon, United Kingdom
_bButterworth & Co. (Publishers) Ltd.
_c1984
300 _a1056 pages
_c23.5 cm
490 _3Law Reports
500 _aTHE ALL ENGLAND LAW REPORTS - 1984 VOLUME 3.
600 _2Law Reports
_xEngland
700 _aPeter Hutchesson LLM (Barrister, New Zealand)
_eEditor
700 _aBrook Watson (of Lincoln's Inn, Barrister and of the New South Wales Bar)
_eAssistant Editor
700 _aWendy Shockett (of Gray's Inn, Barrister)
_eConsulting Editor
942 _2lcc
_cBK
_n0
999 _c1857
_d1857